Realizácia 3D webového sídla diplomová práca

Na minha lista:
Detalhes bibliográficos
Autor principal: Svítok, Peter
Autor Corporativo: Fakulta hospodárskej informatiky EU. Katedra aplikovanej informatiky
Outros Autores: Schmidt, Peter, 1968-
Formato: Livro
Idioma:eslovaco
Publicado em: Bratislava 2017
Tags: Adicionar Tag
Sem tags, seja o primeiro a adicionar uma tag!

MARC

LEADER 00000nbm a2200000 4500
001 0232927
005 20240918085917.4
041 0 |a slo 
044 |a SK 
245 1 0 |a Realizácia 3D webového sídla  |b diplomová práca  |c Peter Svítok ; školiteľ: Peter Schmidt 
264 1 |a Bratislava  |c 2017 
300 |a 59 s. 
100 1 |a Svítok, Peter 
700 1 |a Schmidt, Peter, 1968- 
710 2 |a Fakulta hospodárskej informatiky EU. Katedra aplikovanej informatiky